Statistics for Sweet Home Alabama Lyrics

Click here to take the quiz!

General Stats

  • This quiz has been taken 62 times
  • The average score is 22 of 37

Answer Stats

Lyrics% Correct
Big wheels keep on {turnin'}
98%
{Sweet} {home} {Alabama}
88%
{Sweet} {home} {Alabama}
88%
{Sweet} {home} {Alabama}
88%
{Sweet} {home} {Alabama}
88%
{Sweet} {home} {Alabama}
88%
{Sweet} {home} {Alabama} (lordy)
88%
{Sweet} {home} {Alabama} (oh, sweet home)
88%
{Sweet} {home} {Alabama} (oh yeah)
88%
Where the skies are {so} {blue}
83%
Where the skies are {so} {blue}
83%
Where the skies are {so} {blue}
83%
Where the skies are {so} {blue}
83%
Well I hope {Neil} {Young} will remember
69%
Singin' songs about the {south}-{land}
67%
Lord I'm {comin'} {home} to you
63%
Lord I'm {comin'} {home} to you
63%
Lord I'm {comin'} {home} to you
63%
Lord I'm {comin'} {home} to you, yeah, yeah
63%
{Carry} {me} {home} to see my kin
56%
Now we all did what we {could} {do}
56%
A southern man don't need him {around} {anyhow}
54%
In Birmingham they {love} {the} {governor} (boo-hoo-hoo)
52%
Well I heard ol' Neil {put} {her} {down}
50%
Now {Watergate} does not bother me
48%
{Tell} {the} {truth}
48%
Does {your} {conscience} bother you?
46%
Now how {about} {you}?
46%
Well I heard {Mister} {Young} sing about her
38%
And the governor's {true}
35%
Lord they get me off {so} {much}
35%
They pick me up when I'm {feelin'} {blue}
35%
I miss {Alabamy} once again and I think it's a sin, yes
33%
Now Muscle Shoals has got the {Swampers}
27%
And they've been known to pick {a} {song} {or} {two} (yes they do)
23%
{Here} {I} {come}, Alabama
23%
{Montgomery}'s got the answer
12%

Score Distribution

Percentile by Number Answered

Percent of People with Each Score

Your Score History

You have not taken this quiz